| 000 | 01165cam a2200253 4500 | ||
|---|---|---|---|
| 001 | L136047 | ||
| 008 | 070104n2006 000 0 eng u | ||
| 020 | _a0580484106 | ||
| 035 | _a(Sirsi) u136047 | ||
| 041 | 0 | _aeng | |
| 050 | 0 | 4 | _a690.3 $2 18 |
| 110 | 2 |
_aNational Association of Shopfitters _95102 |
|
| 245 | 0 | 0 |
_aShopfitting _bmanagement system specification |
| 260 |
_aLondon _bBritish Standards Institution _c2006 |
||
| 300 |
_aiv, 32p. _c30cm. |
||
| 505 | 1 | _aScope -- Terms and conditions -- General requirements -- Premises -- Finance -- Health and safety management -- Environmental policy -- Knowledge, skills and experience -- Outsourcing -- Innovation and value engineering | |
| 520 | _aExplains Publicly Available Specification 32, the purpose of which is to set out widely accepted quality standards. Focuses on standards relating to supply chain management, service capability, recognition of accreditation and training needs. | ||
| 590 | _aKA | ||
| 650 | 2 | 4 | _aPUBLICLY AVAILABLE SPECIFICATION 82 |
| 650 | 2 | 4 | _aBRITISH STANDARDS INSTITUTION |
| 651 | 4 |
_aUnited Kingdom _y |
|
| 690 | _aBUILT ENVIRONMENT-CONSTRUCTION DESIGN | ||
| 942 | _n0 | ||
| 999 |
_c106293 _d106293 |
||